Álvaro de Castro : (Record no. 197989)
[ view plain ]
| 000 -LEADER | |
|---|---|
| campo de control de longitud fija | 01631nam a2200361 i 4500 |
| 001 - NÚMERO DE CONTROL | |
| campo de control | 197989 |
| 003 - IDENTIFICADOR DE NÚMERO DE CONTROL | |
| campo de control | ES-MaACL |
| 005 - FECHA Y HORA DE LA ÚLTIMA TRANSACCIÓN | |
| campo de control | 20260219063011.0 |
| 007 - CAMPO FIJO DE DESCRIPCIÓN FÍSICA--INFORMACIÓN GENERAL | |
| campo de control de longitud fija | ta |
| 008 - DATOS DE LONGITUD FIJA--INFORMACIÓN GENERAL | |
| campo de control de longitud fija | 251126s2024 sp a |||||| 001 | spa d |
| 017 ## - NÚMERO DE COPYRIGHT O DE DEPÓSITO LEGAL | |
| Número de copyright o de depósito legal | P 69-2025 |
| Agencia que asigna | Oficina Depósito Legal Palencia |
| 020 ## - NÚMERO INTERNACIONAL ESTÁNDAR DEL LIBRO | |
| Número Internacional Estándar del Libro | 978-84-129900-0-3 |
| 040 ## - FUENTE DE CATALOGACIÓN | |
| Centro catalogador/agencia de origen | ES-MaACL |
| Lengua de catalogación | spa |
| Centro/agencia transcriptor | ES-MaACL |
| Normas de descripción | rda |
| 080 ## - NÚMERO DE LA CLASIFICACIÓN DECIMAL UNIVERSAL | |
| Número de la Clasificación Decimal Universal | 94(460.183 Ampudia)(084.12) |
| 100 1# - ENTRADA PRINCIPAL--NOMBRE DE PERSONA | |
| Nombre de persona | Ruano Cerezo, Juan José |
| 9 (RLIN) | 242550 |
| Relación | aut |
| Término indicativo de función/relación | Autor |
| 245 10 - MENCIÓN DEL TÍTULO | |
| Título | Álvaro de Castro : |
| Resto del título | dos fotógrafos de Ampudia / |
| Mención de responsabilidad, etc. | Álvaro de Castro Cea, Álvaro de Castro del Bosque (fotografías) ; Juan José Ruano Cerezo (textos) ; María Inmaculada San José Negro (tratamiento de imágenes) |
| 264 #1 - PRODUCCIÓN, PUBLICACIÓN, DISTRIBUCIÓN, FABRICACIÓN Y COPYRIGHT | |
| Producción, publicación, distribución, fabricación y copyright | Palencia : |
| Nombre del de productor, editor, distribuidor, fabricante | Archivo Histórico Provincial de Palencia, |
| Fecha de producción, publicación, distribución, fabricación o copyright | 2025 |
| 300 ## - DESCRIPCIÓN FÍSICA | |
| Extensión | 207 páginas : |
| Otras características físicas | principalmente ilustraciones ; |
| Dimensiones | 23 cm |
| 336 ## - TIPO DE CONTENIDO | |
| Término de tipo de contenido | texto |
| Fuente | rdacontent |
| 337 ## - TIPO DE MEDIO | |
| Nombre/término del tipo de medio | sin mediación |
| Fuente | rdamedia |
| 338 ## - TIPO DE SOPORTE | |
| Nombre/término del tipo de soporte | volumen |
| Fuente | rdacarrier |
| 500 ## - NOTA GENERAL | |
| Nota general | Ejemplar firmado y dedicado por la compiladora |
| 651 #4 - PUNTO DE ACCESO ADICIONAL DE MATERIA--NOMBRE GEOGRÁFICO | |
| 9 (RLIN) | 242816 |
| Nombre geográfico | Ampudia |
| Subdivisión general | Historia |
| Subdivisión geográfica | Obras ilustradas |
| 655 #4 - TERMINO DE INDIZACIÓN--GENERO/FORMA | |
| 9 (RLIN) | 242101 |
| Datos o término principal de género/forma | Obras ilustradas |
| 700 1# - ENTRADA AGREGADA--NOMBRE PERSONAL | |
| Nombre de persona | De Castro Cea, Álvaro |
| Término indicativo de función/relación | Fotógrafo |
| 9 (RLIN) | 242551 |
| Relación | pht |
| 700 1# - ENTRADA AGREGADA--NOMBRE PERSONAL | |
| Nombre de persona | De Castro Del Bosque, Álvaro |
| Término indicativo de función/relación | Fotógrafo |
| 9 (RLIN) | 242552 |
| Relación | pht |
| 700 1# - ENTRADA AGREGADA--NOMBRE PERSONAL | |
| Nombre de persona | San José Negro, María Inmaculada |
| Término indicativo de función/relación | Compilador |
| 9 (RLIN) | 242815 |
| Relación | edc |
| 852 ## - LOCALIZACIÓN | |
| Ubicación | ES-MaACL |
| Ubicación en estantería | Depósito 1 |
| Número de control de estantería | A-15948 |
| Anotaciones manuscritas | Dedicatoria autógrafa de la compiladora |
| Donativo/Legado | Donación: Juan José Ruano Cerezo |
| Encuadernación | Encuadernación cartoné |
| itemnumber | 207080 |
| 942 ## - ELEMENTOS DE ENTRADA SECUNDARIOS (KOHA) | |
| Tipo de ítem Koha | Libro impreso |
| Suprimir en OPAC | No |
| Estatus retirado | Estado de pérdida | Fuente del sistema de clasificación o colocación | Estado de daño | No para préstamo | Colección | Biblioteca de origen | Biblioteca actual | Ubicación en estantería | Fecha de adquisición | Fuente de adquisición | Total de préstamos | Signatura topográfica completa | Código de barras | Visto por última vez | Precio de reemplazo | Tipo de ítem Koha | Nota pública |
|---|---|---|---|---|---|---|---|---|---|---|---|---|---|---|---|---|---|
| Clasificación decimal universal | Libros con dedicatorias | Biblioteca del Ateneo de Madrid | Biblioteca del Ateneo de Madrid | Depósito 1 | 26/11/2025 | Donación | A-15948 | 2026-0073 | 17/02/2026 | 17/02/2026 | Libro impreso | Dedicatoria autógrafa de la compiladora |
